Score 0/25 Timer 02:00
0 Plays Today
Hint Answer % Correct
NARBBRAN
98.4%
ROCNCORN
97.6%
TEFEFEET
96.9%
NEEKKEEN
96.1%
ATOGGOAT
95.4%
RAHDHARD
95.2%
DLIMMILD
95.1%
LIAJJAIL
94.2%
MYRAARMY
91.5%
DRANDARN
91%
UIZQQUIZ
90.3%
CEALLACE
89.8%
KEUNNUKE
89.6%
Hint Answer % Correct
LIOSSILO
88.2%
FUTTTUFT
85.7%
LIAVVIAL
84.7%
REPUPURE
84.4%
KEARRAKE
84.4%
KWACWACK
82%
RLEAEARL
81.9%
BEXIIBEX
81.6%
NIZCZINC
81.5%
GLYUUGLY
81.1%
PUSOOPUS
79.6%
SMAYYAMS
79.2%
Remove Ads.
Support Sporcle.
Get the best of Sporcle when you Go Orange. This ad-free experience offers more features, more stats, and more fun while also helping to support Sporcle. Thank you for becoming a member.

You're not logged in!

Compare scores with friends on all Sporcle quizzes.
OR
Log In

Show Comments

Extras

Top Quizzes Today


Score Distribution

Your Account Isn't Verified!

In order to create a playlist on Sporcle, you need to verify the email address you used during registration. Go to your Sporcle Settings to finish the process.

Report this User

Report this user for behavior that violates our Community Guidelines.

Details: